Hodnocení krajů České republiky pomocí modifikovaného indexu rozvoje lidských zdrojů

Hodnotenie krajov Českej republiky pomocou modifikovaného indexu ľudského rozvoja, ktorý využíva OSN pre hodnotenie štátov. Hodnotenie krajov ČR v rokoch 2000, 2005, 2010 a 2015. Využite metodiky potvrdilo dominantné postavenie hl. m. Prahy, dlhodobo dobré postavenie Juhomoravského kraja a postupné...

ver descrição completa

Na minha lista:
Detalhes bibliográficos
Autor principal: Voreková, Pavlína
Outros Autores: Kouřilová, Jana
Formato: Capítulo de Livro
Idioma:tcheco
Assuntos:
Tags: Adicionar Tag
Sem tags, seja o primeiro a adicionar uma tag!

MARC

LEADER 00000nla a2200000 4500
001 0245675
005 20240417075140.4
041 0 |a cze 
044 |a CZ 
245 1 0 |a Hodnocení krajů České republiky pomocí modifikovaného indexu rozvoje lidských zdrojů  |c Pavlína Voreková, Jana Kouřilová 
520 |a Hodnotenie krajov Českej republiky pomocou modifikovaného indexu ľudského rozvoja, ktorý využíva OSN pre hodnotenie štátov. Hodnotenie krajov ČR v rokoch 2000, 2005, 2010 a 2015. Využite metodiky potvrdilo dominantné postavenie hl. m. Prahy, dlhodobo dobré postavenie Juhomoravského kraja a postupné zlepšovanie Stredočeského kraja. Na druhej strane táto metodika potvrdzuje problémovosť Karlovarského a Ústeckého kraja. 
610 2 0 |a index rozvoja ľudského 
610 2 0 |a zdroje ľudské 
610 2 0 |a regióny 
610 2 0 |a kraje 
610 2 0 |a štatistika 
610 2 0 |a Česko 
100 1 |a Voreková, Pavlína 
700 1 |a Kouřilová, Jana